<?xml version="1.0" encoding="UTF-8"?>
<record
    xmlns:xsi="http://www.w3.org/2001/XMLSchema-instance"
    xsi:schemaLocation="http://www.loc.gov/MARC21/slim http://www.loc.gov/standards/marcxml/schema/MARC21slim.xsd"
    xmlns="http://www.loc.gov/MARC21/slim">

  <leader>01135nam a22002777a 4500</leader>
  <controlfield tag="003">dpl</controlfield>
  <controlfield tag="005">20180804125612.0</controlfield>
  <controlfield tag="008">180804b        xxu||||| |||| 00| 0 eng d</controlfield>
  <datafield tag="010" ind1=" " ind2=" ">
    <subfield code="a">B-003500</subfield>
  </datafield>
  <datafield tag="020" ind1=" " ind2=" ">
    <subfield code="c">130.00</subfield>
  </datafield>
  <datafield tag="035" ind1=" " ind2=" ">
    <subfield code="a">B-003500, &#x92C;&#x940;-003509</subfield>
  </datafield>
  <datafield tag="037" ind1=" " ind2=" ">
    <subfield code="b">Cen Lib/Ret</subfield>
  </datafield>
  <datafield tag="040" ind1=" " ind2=" ">
    <subfield code="a">DPL</subfield>
    <subfield code="b">HN</subfield>
    <subfield code="c">0</subfield>
  </datafield>
  <datafield tag="082" ind1=" " ind2=" ">
    <subfield code="a">827</subfield>
    <subfield code="b">&#x906;&#x935;&#x91F;&#x947; </subfield>
  </datafield>
  <datafield tag="100" ind1=" " ind2=" ">
    <subfield code="a">&#x906;&#x935;&#x91F;&#x947;, &#x917;&#x94B;&#x92A;&#x93E;&#x932; &#x928;&#x93E;&#x930;&#x93E;&#x92F;&#x923; </subfield>
    <subfield code="9">45158</subfield>
  </datafield>
  <datafield tag="245" ind1=" " ind2=" ">
    <subfield code="a">&#x91C;&#x942;&#x924;&#x93E; &#x92A;&#x941;&#x930;&#x93E;&#x923; /</subfield>
    <subfield code="c"> &#x917;&#x94B;&#x92A;&#x93E;&#x932; &#x928;&#x93E;&#x930;&#x93E;&#x92F;&#x923; &#x906;&#x935;&#x91F;&#x947; </subfield>
  </datafield>
  <datafield tag="246" ind1=" " ind2=" ">
    <subfield code="a">Juta puran /</subfield>
    <subfield code="b">by Gopal Narayan Avate </subfield>
  </datafield>
  <datafield tag="260" ind1=" " ind2=" ">
    <subfield code="a">&#x917;&#x92F;&#x93F;&#x92F;&#x93E;&#x92C;&#x93E;&#x926; </subfield>
    <subfield code="b">&#x915;&#x947;.&#x90F;&#x932;.&#x92A;&#x91A;&#x94C;&#x930;&#x940; &#x92A;&#x94D;&#x930;&#x915;&#x93E;&#x936;&#x928; </subfield>
    <subfield code="c">2000</subfield>
  </datafield>
  <datafield tag="270" ind1=" " ind2=" ">
    <subfield code="b">&#x917;&#x92F;&#x93F;&#x92F;&#x93E;&#x92C;&#x93E;&#x926; </subfield>
    <subfield code="a">&#x921;&#x940;-&#x92C;&#x94D;&#x932;&#x93E;&#x915; &#x90F;&#x915;&#x94D;&#x938;, &#x907;&#x928;&#x94D;&#x926;&#x94D;&#x930;&#x92A;&#x941;&#x930;&#x940; </subfield>
    <subfield code="e">201102</subfield>
  </datafield>
  <datafield tag="300" ind1=" " ind2=" ">
    <subfield code="a">128&#x92A;&#x943;.</subfield>
    <subfield code="c">20&#x938;&#x947;&#x92E;&#x940;(&#x938;&#x91C;&#x93F;&#x932;&#x94D;&#x926; ) </subfield>
  </datafield>
  <datafield tag="650" ind1=" " ind2=" ">
    <subfield code="a">&#x938;&#x93E;&#x939;&#x93F;&#x924;&#x94D;&#x92F;--&#x915;&#x939;&#x93E;&#x928;&#x93F;&#x92F;&#x93E;&#x902; </subfield>
    <subfield code="x"> </subfield>
    <subfield code="z"> </subfield>
    <subfield code="9">81114</subfield>
  </datafield>
  <datafield tag="650" ind1=" " ind2=" ">
    <subfield code="a">&#x939;&#x93F;&#x902;&#x926;&#x940;--&#x915;&#x939;&#x93E;&#x928;&#x93F;&#x92F;&#x93E;&#x902; </subfield>
    <subfield code="9">2082</subfield>
  </datafield>
  <datafield tag="650" ind1=" " ind2=" ">
    <subfield code="a">Literature -stories</subfield>
    <subfield code="9">81115</subfield>
  </datafield>
  <datafield tag="650" ind1=" " ind2=" ">
    <subfield code="a">Hindi -- stories</subfield>
    <subfield code="9">81116</subfield>
  </datafield>
  <datafield tag="942" ind1=" " ind2=" ">
    <subfield code="2">ddc</subfield>
    <subfield code="c">HN</subfield>
    <subfield code="h">827</subfield>
    <subfield code="m">&#x906;&#x935;&#x91F;&#x947;</subfield>
  </datafield>
  <datafield tag="999" ind1=" " ind2=" ">
    <subfield code="c">118611</subfield>
    <subfield code="d">118611</subfield>
  </datafield>
  <datafield tag="952" ind1=" " ind2=" ">
    <subfield code="0">0</subfield>
    <subfield code="1">0</subfield>
    <subfield code="4">0</subfield>
    <subfield code="7">0</subfield>
    <subfield code="a">L</subfield>
    <subfield code="b">L</subfield>
    <subfield code="d">2015-09-12</subfield>
    <subfield code="e">Cen Lib/Ref</subfield>
    <subfield code="g">130.00</subfield>
    <subfield code="l">0</subfield>
    <subfield code="o">827 &#x906;&#x935;&#x91F;&#x947;</subfield>
    <subfield code="p">B-003500</subfield>
    <subfield code="r">2015-09-12 00:00:00</subfield>
    <subfield code="t">1</subfield>
    <subfield code="v">130.00</subfield>
    <subfield code="w">2015-09-12</subfield>
    <subfield code="y">HN</subfield>
  </datafield>
  <datafield tag="952" ind1=" " ind2=" ">
    <subfield code="0">0</subfield>
    <subfield code="1">0</subfield>
    <subfield code="2">ddc</subfield>
    <subfield code="4">0</subfield>
    <subfield code="7">0</subfield>
    <subfield code="8">NFIC</subfield>
    <subfield code="a">BL4</subfield>
    <subfield code="b">BL4</subfield>
    <subfield code="d">2018-08-04</subfield>
    <subfield code="e">BPPD/PUB</subfield>
    <subfield code="g">130.00</subfield>
    <subfield code="l">1</subfield>
    <subfield code="o">827 &#x906;&#x935;&#x91F;&#x947;</subfield>
    <subfield code="p">B-003509</subfield>
    <subfield code="r">2018-08-16 00:00:00</subfield>
    <subfield code="s">2018-08-04</subfield>
    <subfield code="v">130.00</subfield>
    <subfield code="w">2018-08-04</subfield>
    <subfield code="y">HN</subfield>
  </datafield>
</record>
